Liput, joissa on vain valkoista, punaista ja vihreää - Statistics

Yleistilastot
  • Tätä visaa on pelattu 846 kertaa
  • Keskiarvotulos 9 / 11
Vastaustilastot
Kuvavisa Vastaus % Oikein
Italia
99%
Iran
95%
Bulgaria
93%
Valko-Venäjä
93%
Libanon
91%
Unkari
91%
Algeria
86%
Oman
68%
Madagaskar
65%
Malediivit
62%
Burundi
61%
Ehtoja vastaavia visoja ei löytynyt
Tulosjakauma
Jokaisen tuloksen saaneiden osuus
Persentiili vastausten määrän mukaan
Tuloshistoriasi
Et ole pelannut tätä visaa